000 00219nam a2200121Ia 4500
100 _a#N/A
650 _aComputer/ IT
942 _cBK
654 _amaya 8.5
245 _aMaya 8.5
260 _b#N/A
546 _aENGLISH
999 _c23533
_d23533